Project management : planning and control techniques. / (Record no. 748)
[ view plain ]
| 000 -LEADER | |
|---|---|
| fixed length control field | 01098nam a22001817a 4500 |
| 008 - FIXED-LENGTH DATA ELEMENTS--GENERAL INFORMATION | |
| fixed length control field | 120424t xxu||||| |||| 00| 0 eng d |
| 020 ## - INTERNATIONAL STANDARD BOOK NUMBER | |
| International Standard Book Number | 0470851244 9780470851241 |
| 050 ## - LIBRARY OF CONGRESS CALL NUMBER | |
| Classification number | HD69.P75.B871 |
| 100 ## - MAIN ENTRY--PERSONAL NAME | |
| Personal name | Burke, Rory. |
| 245 ## - TITLE STATEMENT | |
| Title | Project management : planning and control techniques. / |
| Statement of responsibility, etc. | Rory Burke. |
| 250 ## - EDITION STATEMENT | |
| Edition statement | 4th ed. |
| 260 ## - PUBLICATION, DISTRIBUTION, ETC. | |
| Place of publication, distribution, etc. | Chichester, England : |
| Name of publisher, distributor, etc. | John Wiley and Sons, |
| Date of publication, distribution, etc. | 2003. |
| 300 ## - PHYSICAL DESCRIPTION | |
| Extent | ix, 373 p. : |
| Other physical details | ill. ; |
| Dimensions | 24 cm. |
| 505 ## - FORMATTED CONTENTS NOTE | |
| Formatted contents note | Contents: Introduction to project management -- History of project management -- Project life cycle -- Feasibility study -- Project selection -- Project estimating -- Planning and control cycle -- Scope Management -- Work breakdown structure -- Critical path method -- Schedule barchart -- Procurement schedule -- Resource planning -- Projects accounts -- Project control -- Earned value -- Quality management -- Project communications -- Project organization structures -- Project teams -- Project leadership -- Project management computing. |
| 650 ## - SUBJECT ADDED ENTRY--TOPICAL TERM | |
| Topical term or geographic name entry element | Project management. |
| 650 ## - SUBJECT ADDED ENTRY--TOPICAL TERM | |
| Topical term or geographic name entry element | Industrial project management. |
| 942 ## - ADDED ENTRY ELEMENTS (KOHA) | |
| Source of classification or shelving scheme | Library of Congress Classification |
| Koha item type | Books |
| Withdrawn status | Lost status | Source of classification or shelving scheme | Damaged status | Not for loan | Home library | Current library | Shelving location | Date acquired | Total Checkouts | Full call number | Barcode | Date last seen | Copy number | Price effective from | Koha item type |
|---|---|---|---|---|---|---|---|---|---|---|---|---|---|---|---|
| Library of Congress Classification | WISCONSIN INTERNATIONAL UNIVERSITY COLLEGE, GHANA - MAIN LIBRARY | WISCONSIN INTERNATIONAL UNIVERSITY COLLEGE, GHANA - MAIN LIBRARY | General Stacks | 24/04/2012 | HD69.P75.B871 | 1752/12 | 24/04/2012 | 1 | 24/04/2012 | Books |
